000 00357nam a2200133Ia 4500
005 20251222141841.0
008 251222s9999||||xx |||||||||||||| ||spa||
020 _a9972-666-05-0
082 _a985.26/T12B/Ej.3
100 _aTácunan Bonifacio, Santiago
245 0 _aBreve Historia del Distrito de Comas
264 _bFondo Editorial de Comas
942 _cLIB
999 _c7426
_d7426